00477nam a2200145Ia 450000500170000000800410001704100080005808200160006610000300008224500290011226000360014165000200017799900190019795201150021620250729165744.0250729s1900 xx 000 0 und d akan a494.33 RAGK aRaghavendra Herle9232213 aKannada Bhodhana Vidhana aMysorebShruthi Loka Prakashana aKannada9232214 c239670d239670 00104070aALbALd2025-07-29eManagement Bookl0o494.33 RAGKpBED04989r2025-07-29 16:57:44w2025-07-29yBK